Sainte-Beuve et le dix-neuvième siècle (Record no. 30779)

MARC details
000 -LEADER
campo de control de longitud fija 00689nam a2200193 i 4500
001 - NÚMERO DE CONTROL
campo de control 30779
003 - IDENTIFICADOR DE NÚMERO DE CONTROL
campo de control ES-MaACL
005 - FECHA Y HORA DE LA ÚLTIMA TRANSACCIÓN
campo de control 20251003180836.0
007 - CAMPO FIJO DE DESCRIPCIÓN FÍSICA--INFORMACIÓN GENERAL
campo de control de longitud fija t|
008 - DATOS DE LONGITUD FIJA--INFORMACIÓN GENERAL
campo de control de longitud fija 030127s1927 fr |||| | fre d
100 1# - ENTRADA PRINCIPAL--NOMBRE DE PERSONA
Nombre de persona Bellessort, André.
9 (RLIN) 27200
245 10 - MENCIÓN DEL TÍTULO
Título Sainte-Beuve et le dix-neuvième siècle
Resto del título : cours professé à la Société des Conférences / André Bellessort.
260 ## - PUBLICACIÓN, DISTRIBUCIÓN, ETC.
Lugar de publicación, distribución, etc. París :
Nombre del editor, distribuidor, etc. Perrin,
Fecha de publicación, distribución, etc. 1927 (
Fabricante E. Grevin)
300 ## - DESCRIPCIÓN FÍSICA
Extensión 354 p., 5 lám. :
Otras características físicas il. ;
Dimensiones 20 cm.
600 17 - PUNTO DE ACCESO ADICIONAL DE MATERIA--NOMBRE DE PERSONA
Nombre de persona Sainte-Beuve, Charles-Augustin,
Fechas asociadas al nombre 1804-1869
Fuente del encabezamiento o término
9 (RLIN) 162958
650 #4 - PUNTO DE ACCESO ADICIONAL DE MATERIA--TÉRMINO DE MATERIA
Término de materia o nombre geográfico como elemento de entrada Literatura francesa-
Subdivisión cronológica S.XIX-
Subdivisión general Historia y crítica
9 (RLIN) 14589
852 ## - LOCALIZACIÓN
Ubicación ES-MaACL
Número de control de estantería A-2437
Holdings
Estatus retirado Estado de pérdida Estado de daño No para préstamo Biblioteca de origen Biblioteca actual Ubicación en estantería Fecha de adquisición Fuente de adquisición Total de préstamos Signatura topográfica completa Código de barras Visto por última vez Precio de reemplazo Tipo de ítem Koha
        Biblioteca del Ateneo de Madrid Biblioteca del Ateneo de Madrid Sala Pecera Planta 1 17/01/2008     A-2437 1031793 23/02/2023 23/02/2023 Libro impreso